000 01224nabaa22002177a 4500
999 _c6166
_d6166
003 OSt
005 20260123210750.0
008 190701b xxu||||| |||| 00| 0 spa d
040 _cPJ
100 _96910
_aOby, Cristian Gustavo
245 1 3 _aEl plazo razonable :
_bsus implicancias en el procedimiento administrativo disciplinario de acuerdo con las directivas constitucionales y convencionales /
_cCristian Gustavo Oby.
300 _ap. 208-255
500 _aCita: TR LALEY AR/DOC/364/2024
505 _aSumario: I. Introducción.— II. Procedimiento administrativo general: injerencia de sus principios y normativa sobre el instituto del plazo razonable.— III. Procedimiento administrativo especial disciplinario: finalidad y principios.— IV. El plazo razonable.—V. Conclusiones.— VI. Bibliografía complementaria.
505 _t¿Te interesa el texto completo? Comunicate al correo: koha@justierradelfuego.gov.ar
650 0 _9211
_aDERECHO ADMINISTRATIVO
650 0 _91135
_aPROCEDIMIENTO ADMINISTRATIVO
650 0 _96132
_aCONTROL DE CONVENCIONALIDAD
773 0 _02842
_93251
_dBuenos Aires : AbeledoPerrot, 2012-
_oDA121
_tDerecho administrativo. Nº 152 marzo/abril 2024
_z18510590
942 _2udc
_cANA